=LDR 00000nam 2200000 4500 =001 INLIS000000000037360 =005 20200220093713 =035 ##$$a 0010-061300000037360 =008 200220################g##########0#ind## =041 ##$$a Ind =082 ##$$a 155.2 =090 ##$$a 155.2, Sur j =100 ##$$a Surya, Hendra =245 1#$$a Jadilah pribadi yang unggul : $b Sebuah solusi pengembangan diri dan keterampilan menolak (Refusal skill) narkoba, /$c Drs. Henda Surya =260 ##$$a Jakarta :$b Gramedia,$c 2010 =300 ##$$a ix, 172 hlm. ; $c 14x21 cm. =650 #4$$a Kepribadian =850 ##$$a NBPNMAT =020 ##$$a 978-979-6542-7 =084 ##$$a 155.2 SUR j =504 ##$$a Bibliografi : hlm. 169-170 =990 ##$$a 21102491 =990 ##$$a 21102490 =990 ##$$a 21102492